[Event "RUS-chT Premier League Women 2018"]
[Site "Sochi"]
[Date "2018.05.03"]
[Round "3"]
[White "Lysenko, Margarita"]
[Black "Drozdova, Dina"]
[Result "1/2-1/2"]
[WhiteElo "2220"]
[BlackElo "2186"]
[Annotator "NA"]
[PlyCount "91"]
[EventDate "2018.??.??"]
[EventCountry "RUS"]
[SourceTitle "playchess.com"]
[Source "ChessBase"]
[SourceQuality "1"]
[TimeControl "40/5400+30:1800+30"]

1. d4 {[%emt 0:00:00]} Nf6 {[%emt 0:00:16]} 2. Nf3 {[%emt 0:00:07]} e6 {[%emt 0:00:41]} 3. e3 {[%emt 0:00:27]} b6 {[%emt 0:03:53]} 4. Bd3 {[%emt 0:02:16]} Bb7 {[%emt 0:00:34]} 5. O-O {[%emt 0:01:02]} c5 {[%emt 0:00:42]} 6. c4 {[%emt 0:00:58]} Be7 {[%emt 0:01:11]} 7. Nc3 {[%emt 0:02:54]} cxd4 {[%emt 0:00:17]} 8. exd4 {[%emt 0:00:36]} d6 {[%emt 0:00:24]} 9. Re1 {[%emt 0:17:19]} O-O {[%emt 0:01:45]} 10. Ng5 {[%emt 0:17:59]} h6 {[%emt 0:08:03]} 11. Nh3 {[%emt 0:07:27]} Nbd7 $14 {[%emt 0:03:50]} 12. Nf4 {[%emt 0:19:53]} Re8 {[%emt 0:06:51]} 13. d5 {[%emt 0:08:38]} e5 {[%emt 0:03:17]} 14. Nh5 {[%emt 0:01:17]} Nxh5 {[%emt 0:01:25]} 15. Qxh5 {[%emt 0:00:08]} Nf6 {[%emt 0:01:59]} 16. Qf3 {[%emt 0:01:10]} Bf8 {[%emt 0:03:34]} 17. Bd2 {[%emt 0:07:35]} g6 {[%emt 0:06:13]} 18. g4 {[%emt 0:02:26]} Bc8 {[%emt 0:11:07]} 19. h3 {[%emt 0:01:18]} Bg7 {[%emt 0:12:08]} 20. Qg3 {[%emt 0:01:12]} Ba6 {[%emt 0:08:40]} 21. Rac1 {[%emt 0:03:41]} Rc8 {[%emt 0:01:17]} 22. b3 {[%emt 0:00:22]} Nd7 {[%emt 0:02:05]} 23. Ne4 {[%emt 0:01:26]} Nc5 {[%emt 0:00:38]} 24. Nxc5 {[%emt 0:00:08]} bxc5 {[%emt 0:01:05]} 25. h4 {[%emt 0:00:39]} Rc7 {[%emt 0:05:31]} 26. Ba5 {[%emt 0:01:02]} Bc8 {[%emt 0:01:21]} 27. Kh1 {[%emt 0:00:54]} Rf8 {[%emt 0:00:49]} 28. Rg1 {[%emt 0:00:21]} Qe7 {[%emt 0:00:47]} 29. Bxc7 {[%emt 0:00:06]} Qxc7 {[%emt 0:00:08]} 30. Rg2 {[%emt 0:00:28]} Qa5 {[%emt 0:00:19]} 31. Bb1 {[%emt 0:00:11]} Qd8 {[%emt 0:02:51]} 32. Rcg1 {[%emt 0:00:44]} a5 {[%emt 0:00:33]} 33. Rh2 {[%emt 0:00:45]} Re8 {[%emt 0:00:41]} 34. Qe3 {[%emt 0:00:37]} Bd7 {[%emt 0:00:38]} 35. h5 {[%emt 0:00:40]} g5 {[%emt 0:01:06]} 36. Be4 {[%emt 0:00:29]} Qc8 {[%emt 0:00:19]} 37. Qf3 {[%emt 0:00:34]} Rf8 {[%emt 0:00:50]} 38. Rhg2 {[%emt 0:00:24]} f5 {[%emt 0:00:41]} 39. gxf5 {[%emt 0:00:23]} Bxf5 {[%emt 0:00:07]} 40. Bxf5 {[%emt 0:00:00]} Rxf5 {[%emt 0:00:06]} 41. Qg4 {[%emt 0:02:34]} Qf8 {[%emt 0:01:04]} 42. Rf1 {[%emt 0:01:58]} Qf7 {[%emt 0:01:24]} 43. Kg1 {[%emt 0:01:37]} Bf8 {[%emt 0:03:58]} 44. Rh2 {[%emt 0:07:10]} Kg7 {[%emt 0:01:43]} 45. Re1 {[%emt 0:03:02]} Kh7 {[%emt 0:03:38]} 46. Re3 {[%emt 0:02:42]} 1/2-1/2

[Event "RUS-chT Premier League Women 2018"]
[Site "Sochi"]
[Date "2018.05.03"]
[Round "3"]
[White "Nebolsina, Vera"]
[Black "Ovod, Evgenija"]
[Result "0-1"]
[WhiteElo "2218"]
[BlackElo "2371"]
[Annotator "NA"]
[PlyCount "80"]
[EventDate "2018.??.??"]
[EventCountry "RUS"]
[SourceTitle "playchess.com"]
[Source "ChessBase"]
[SourceQuality "1"]
[TimeControl "40/5400+30:1800+30"]

1. e4 {[%emt 0:00:00]} c5 {[%emt 0:00:05]} 2. c3 {[%emt 0:00:00]} d5 {[%emt 0:00:07]} 3. exd5 {[%emt 0:00:07]} Qxd5 {[%emt 0:00:06]} 4. d4 {[%emt 0:00:09]} Nf6 {[%emt 0:00:06]} 5. Nf3 {[%emt 0:00:13]} e6 {[%emt 0:00:09]} 6. c4 {[%emt 0:00:15]} Qd7 {[%emt 0:13:29]} 7. Nc3 {[%emt 0:14:06]} cxd4 {[%emt 0:01:27]} 8. Nxd4 {[%emt 0:01:35]} Bc5 {[%emt 0:00:30]} 9. Be3 {[%emt 0:01:08]} Nc6 {[%emt 0:00:21]} 10. Ndb5 {[%emt 0:17:11]} Bxe3 {[%emt 0:00:27]} 11. fxe3 {[%emt 0:01:49]} O-O {[%emt 0:10:53]} 12. Qf3 {[%emt 0:10:04]} Qe7 {[%emt 0:07:23]} 13. Be2 $15 {[%emt 0:05:42]} Rd8 {[%emt 0:14:24]} 14. O-O {[%emt 0:07:37]} a6 {[%emt 0:11:01]} 15. Na3 {[%emt 0:00:10]} Rd2 {[%emt 0:00:24]} 16. c5 {[%emt 0:08:36]} Rxb2 {[%emt 0:04:50]} 17. Qg3 {[%emt 0:12:02]} Nd5 {[%emt 0:13:34]} 18. Nab1 {[%emt 0:06:38]} Qxc5 {[%emt 0:01:28]} 19. Na4 {[%emt 0:00:15]} Qb4 {[%emt 0:03:24]} 20. Nxb2 {[%emt 0:02:11]} Qxb2 {[%emt 0:00:04]} 21. e4 {[%emt 0:02:23]} Qxa1 {[%emt 0:02:40]} 22. exd5 {[%emt 0:00:04]} Qd4+ {[%emt 0:00:06]} 23. Kh1 {[%emt 0:00:42]} Qxd5 {[%emt 0:02:29]} 24. Rd1 {[%emt 0:03:39]} Qa5 {[%emt 0:02:17]} 25. Nc3 {[%emt 0:00:33]} e5 {[%emt 0:02:59]} 26. Bc4 {[%emt 0:02:24]} Bf5 {[%emt 0:01:53]} 27. Qf3 {[%emt 0:01:31]} Be6 {[%emt 0:04:55]} 28. Bxe6 {[%emt 0:00:43]} fxe6 {[%emt 0:00:02]} 29. Rf1 {[%emt 0:00:42]} Qc7 {[%emt 0:00:15]} 30. Ne4 {[%emt 0:00:21]} Nd4 {[%emt 0:02:20]} 31. Qa3 {[%emt 0:01:02]} Rc8 {[%emt 0:01:14]} 32. h4 {[%emt 0:01:14]} h6 {[%emt 0:00:19]} 33. Nd6 {[%emt 0:00:27]} Rd8 {[%emt 0:00:35]} 34. Nf7 {[%emt 0:00:08]} Rd7 {[%emt 0:00:38]} 35. Qa4 {[%emt 0:01:10]} b5 {[%emt 0:00:25]} 36. Qxa6 {[%emt 0:00:16]} Rxf7 {[%emt 0:00:05]} 37. Qa8+ {[%emt 0:00:02]} Kh7 {[%emt 0:00:16]} 38. Qe4+ {[%emt 0:00:05]} g6 {[%emt 0:00:41]} 39. Rxf7+ {[%emt 0:00:06]} Qxf7 {[%emt 0:00:03]} 40. Qxe5 {[%emt 0:00:00]} Qg7 {[%emt 0:00:56]} 0-1

[Event "RUS-chT Premier League Women 2018"]
[Site "Sochi"]
[Date "2018.05.03"]
[Round "3"]
[White "Smirnova, Ekaterina"]
[Black "Kryukova, Irina"]
[Result "1/2-1/2"]
[WhiteElo "2153"]
[BlackElo "2261"]
[Annotator "NA"]
[PlyCount "119"]
[EventDate "2018.??.??"]
[EventCountry "RUS"]
[SourceTitle "playchess.com"]
[Source "ChessBase"]
[SourceQuality "1"]
[TimeControl "40/5400+30:1800+30"]

1. d4 {[%emt 0:00:00]} Nf6 {[%emt 0:00:11]} 2. c4 {[%emt 0:00:00]} e6 {[%emt 0:00:06]} 3. Nc3 {[%emt 0:00:00]} Bb4 {[%emt 0:00:28]} 4. e3 {[%emt 0:00:00]} O-O {[%emt 0:00:51]} 5. Bd3 {[%emt 0:00:00]} d5 {[%emt 0:00:47]} 6. Nf3 {[%emt 0:00:15]} c5 {[%emt 0:00:43]} 7. cxd5 {[%emt 0:00:25]} exd5 {[%emt 0:00:25]} 8. dxc5 {[%emt 0:00:12]} Nbd7 {[%emt 0:01:00]} 9. Bd2 {[%emt 0:00:53]} Nxc5 {[%emt 0:06:03]} 10. Be2 {[%emt 0:00:02]} Ba5 {[%emt 0:09:46]} 11. O-O {[%emt 0:00:12]} Bb6 {[%emt 0:06:24]} 12. Nb5 {[%emt 0:10:28]} Nce4 {[%emt 0:02:23]} 13. Bb4 {[%emt 0:03:14]} Re8 {[%emt 0:00:19]} 14. Nbd4 {[%emt 0:02:14]} Bg4 {[%emt 0:04:59]} 15. Rc1 {[%emt 0:09:09]} Rc8 {[%emt 0:05:43]} 16. Rxc8 {[%emt 0:07:42]} Qxc8 {[%emt 0:00:56]} 17. Bb5 $11 {[%emt 0:12:44]} Bd7 {[%emt 0:02:02]} 18. Bxd7 {[%emt 0:00:15]} Qxd7 {[%emt 0:00:17]} 19. h3 {[%emt 0:04:15]} Rc8 {[%emt 0:02:34]} 20. Qd3 {[%emt 0:01:03]} h6 {[%emt 0:04:27]} 21. Rd1 {[%emt 0:01:32]} a6 {[%emt 0:03:27]} 22. a3 {[%emt 0:19:51]} Ba7 {[%emt 0:02:58]} 23. Ne2 {[%emt 0:01:34]} Qc7 {[%emt 0:17:11]} 24. Rc1 {[%emt 0:03:57]} Qd7 {[%emt 0:01:45]} 25. Rxc8+ {[%emt 0:00:10]} Qxc8 {[%emt 0:00:02]} 26. b3 {[%emt 0:06:43]} Qc6 {[%emt 0:04:30]} 27. Nfd4 {[%emt 0:04:03]} Qc7 {[%emt 0:01:43]} 28. Qc2 {[%emt 0:01:28]} Qd7 {[%emt 0:06:36]} 29. a4 {[%emt 0:03:44]} Bb8 {[%emt 0:02:54]} 30. Nf3 {[%emt 0:05:10]} Qc7 {[%emt 0:06:59]} 31. Qxc7 {[%emt 0:00:07]} Bxc7 {[%emt 0:00:02]} 32. Kf1 {[%emt 0:00:57]} Bd6 {[%emt 0:01:58]} 33. Bxd6 {[%emt 0:00:22]} Nxd6 {[%emt 0:00:01]} 34. Nfd4 {[%emt 0:01:06]} Kf8 {[%emt 0:00:23]} 35. f3 {[%emt 0:00:18]} Ke7 {[%emt 0:01:13]} 36. Nc3 {[%emt 0:00:10]} g6 {[%emt 0:01:52]} 37. Ke2 {[%emt 0:00:07]} Nde8 {[%emt 0:00:56]} 38. Kd3 {[%emt 0:00:12]} Nc7 {[%emt 0:01:13]} 39. g4 {[%emt 0:00:38]} Kd6 {[%emt 0:00:35]} 40. h4 {[%emt 0:00:00]} Ne6 {[%emt 0:01:58]} 41. b4 {[%emt 0:00:56]} Nd7 {[%emt 0:04:19]} 42. f4 {[%emt 0:06:51]} Nf6 {[%emt 0:02:35]} 43. g5 {[%emt 0:00:25]} hxg5 {[%emt 0:00:05]} 44. hxg5 {[%emt 0:00:01]} Nh5 {[%emt 0:00:40]} 45. Nxe6 {[%emt 0:03:57]} fxe6 {[%emt 0:01:21]} 46. Kd4 {[%emt 0:00:25]} b6 {[%emt 0:03:53]} 47. a5 {[%emt 0:00:37]} bxa5 {[%emt 0:02:42]} 48. bxa5 {[%emt 0:00:01]} Ng7 {[%emt 0:03:37]} 49. e4 {[%emt 0:00:17]} dxe4 {[%emt 0:10:51]} 50. Nxe4+ {[%emt 0:00:07]} Kc6 {[%emt 0:00:03]} 51. Ke5 {[%emt 0:07:07]} Nh5 {[%emt 0:00:18]} 52. Nf6 {[%emt 0:00:40]} Ng7 {[%emt 0:00:50]} 53. Ne4 {[%emt 0:04:46]} Nh5 {[%emt 0:00:43]} 54. Nc3 {[%emt 0:01:33]} Kc5 {[%emt 0:00:41]} 55. Ne2 {[%emt 0:00:40]} Kc4 {[%emt 0:02:34]} 56. Kxe6 {[%emt 0:07:23]} Kd3 {[%emt 0:00:16]} 57. Nc1+ {[%emt 0:00:12]} Kc2 {[%emt 0:00:54]} 58. Ne2 {[%emt 0:00:01]} Kd3 {[%emt 0:00:08]} 59. Nc1+ {[%emt 0:00:04]} Kc2 {[%emt 0:00:06]} 60. Ne2 {[%emt 0:00:03]} 1/2-1/2

[Event "RUS-chT Premier League Women 2018"]
[Site "Sochi"]
[Date "2018.05.03"]
[Round "3"]
[White "Bulatova, Kamaliya"]
[Black "Balaian, Alina"]
[Result "1-0"]
[WhiteElo "2037"]
[BlackElo "2228"]
[Annotator "NA"]
[PlyCount "89"]
[EventDate "2018.??.??"]
[EventCountry "RUS"]
[SourceTitle "playchess.com"]
[Source "ChessBase"]
[SourceQuality "1"]
[TimeControl "40/5400+30:1800+30"]

1. d4 {[%emt 0:00:00]} Nf6 {[%emt 0:00:05]} 2. c4 {[%emt 0:00:00]} c5 {[%emt 0:00:33]} 3. d5 {[%emt 0:00:00]} b5 {[%emt 0:00:21]} 4. cxb5 {[%emt 0:00:00]} a6 {[%emt 0:00:12]} 5. bxa6 {[%emt 0:00:00]} g6 {[%emt 0:00:16]} 6. Nc3 {[%emt 0:00:05]} Bxa6 {[%emt 0:00:09]} 7. e4 {[%emt 0:00:12]} Bxf1 {[%emt 0:00:16]} 8. Kxf1 {[%emt 0:00:05]} d6 {[%emt 0:00:15]} 9. g3 {[%emt 0:00:28]} Bg7 {[%emt 0:00:25] A59: Benko/Volga Gambit: White castles by hand} 10. Nf3 {[%emt 0:00:17]} Nbd7 {[%emt 0:00:33]} (10... O-O 11. Kg2 Na6 12. Qe2 Qb6 13. Rd1 Qb7 14. Rb1 Nd7 15. Bg5 Rfe8 16. a3 Nc7 17. Qc2 Nb6 18. a4 Rac8 19. b3 e6 20. dxe6 Nxe6 {1-0 (27) Jakovenko,D (2714)-Zvjaginsev,V (2673) Moscow 2016}) 11. a4 {[%emt 0:01:04]} O-O {[%emt 0:01:19]} 12. Kg2 {[%emt 0:00:08]} Qb6 {[%emt 0:02:20]} 13. Qe2 {[%emt 0:00:50]} Ne8 {[%emt 0:07:45]} 14. Bg5 {[%emt 0:03:39]} f6 {[%emt 0:02:35]} 15. Bd2 {[%emt 0:10:11]} Nc7 $11 {[%emt 0:00:26] keeps the balance.} 16. Rab1 $146 {[%emt 0:02:41]} ({Predecessor:} 16. h4 Rfb8 17. h5 Qa6 18. Qxa6 Rxa6 19. hxg6 hxg6 {1-0 (57) Toth,B (2347)-Karn,T (2131) Budapest 2017}) 16... Qb3 {[%emt 0:07:41] [#]} 17. Ra1 {[%emt 0:15:31]} (17. h4 $1 $16) 17... Rfb8 {[%emt 0:18:34]} 18. Rhb1 {[%emt 0:03:44]} Nb6 {[%emt 0:01:46]} 19. Ra3 $16 {[%emt 0:02:33]} Qc4 {[%emt 0:00:06]} 20. Qe3 {[%emt 0:00:51]} Qa6 {[%emt 0:28:18]} 21. b3 {[%emt 0:02:35]} Qb7 {[%emt 0:05:03]} 22. a5 {[%emt 0:11:00]} Nc8 {[%emt 0:02:22]} 23. Ra4 {[%emt 0:02:58]} Na6 {[%emt 0:01:07]} 24. h4 {[%emt 0:04:46]} Qd7 {[%emt 0:06:31]} 25. Ne1 {[%emt 0:04:44]} Rb7 {[%emt 0:08:02]} 26. Qe2 {[%emt 0:06:10]} Nb4 {[%emt 0:01:59]} 27. Na2 {[%emt 0:02:11]} Na6 {[%emt 0:00:02]} 28. Ra3 {[%emt 0:01:23]} e6 {[%emt 0:02:14]} 29. b4 {[%emt 0:05:02]} cxb4 {[%emt 0:01:14]} 30. Nxb4 {[%emt 0:00:23]} exd5 {[%emt 0:01:55]} 31. exd5 {[%emt 0:02:27]} Qf7 {[%emt 0:00:23]} 32. Nec2 {[%emt 0:01:55]} Ne7 {[%emt 0:00:42]} 33. Qf3 {[%emt 0:01:32]} Nc5 {[%emt 0:00:53]} 34. Re1 {[%emt 0:03:33]} Rba7 {[%emt 0:00:32]} 35. Nd4 {[%emt 0:02:22]} Rxa5 {[%emt 0:00:29]} 36. Rxa5 {[%emt 0:00:15]} Rxa5 {[%emt 0:00:02]} 37. Rxe7 {[%emt 0:00:42]} Qxe7 {[%emt 0:00:27]} 38. Nbc6 {[%emt 0:00:01]} Qe4 {[%emt 0:00:36]} 39. Bxa5 {[%emt 0:01:58]} f5 {[%emt 0:00:19]} 40. Qxe4 {[%emt 0:00:00]} Nxe4 {[%emt 0:00:09]} 41. Ne6 {[%emt 0:01:39]} Bb2 {[%emt 0:01:10]} 42. Bb4 {[%emt 0:01:54]} Nf6 {[%emt 0:01:52]} 43. Nc7 {[%emt 0:01:44]} Kf7 {[%emt 0:01:42]} 44. Bxd6 {[%emt 0:00:52]} Nxd5 {[%emt 0:00:45]} 45. Nd8+ {[%emt 0:00:21]} 1-0

[Event "RUS-chT Premier League Women 2018"]
[Site "Sochi"]
[Date "2018.05.03"]
[Round "3"]
[White "Selifonova, Aleksandra"]
[Black "Tomashevskaya, Lidia"]
[Result "1-0"]
[WhiteElo "1890"]
[BlackElo "2172"]
[Annotator "NA"]
[PlyCount "87"]
[EventDate "2018.??.??"]
[EventCountry "RUS"]
[SourceTitle "playchess.com"]
[Source "ChessBase"]
[SourceQuality "1"]
[TimeControl "40/5400+30:1800+30"]

1. e4 {[%emt 0:00:00]} c6 {[%emt 0:00:07]} 2. d4 {[%emt 0:00:00]} d5 {[%emt 0:00:04]} 3. Nc3 {[%emt 0:00:44]} dxe4 {[%emt 0:00:14]} 4. Nxe4 {[%emt 0:00:03]} Nf6 {[%emt 0:00:09]} 5. Nxf6+ {[%emt 0:02:25]} gxf6 {[%emt 0:00:04]} 6. Be3 {[%emt 0:03:37]} Nd7 {[%emt 0:02:22]} 7. Qh5 {[%emt 0:08:40]} Nb6 {[%emt 0:04:01]} 8. Nf3 {[%emt 0:04:31]} Be6 {[%emt 0:02:52]} 9. b3 {[%emt 0:08:43]} Qd7 {[%emt 0:10:53]} 10. Nh4 {[%emt 0:12:47]} (10. c4 $16) 10... Nd5 {[%emt 0:03:11]} 11. h3 {[%emt 0:02:24]} Nxe3 {[%emt 0:13:55]} 12. fxe3 $11 {[%emt 0:00:05]} Qd6 {[%emt 0:00:51]} 13. Bd3 {[%emt 0:22:00]} Qg3+ {[%emt 0:09:44]} 14. Ke2 {[%emt 0:01:44]} O-O-O {[%emt 0:01:52]} 15. Be4 {[%emt 0:06:20]} Qg5 {[%emt 0:07:54]} 16. Qxg5 {[%emt 0:04:24]} fxg5 {[%emt 0:00:08]} 17. Nf5 {[%emt 0:01:37]} Bxf5 {[%emt 0:06:28]} 18. Bxf5+ {[%emt 0:00:02]} e6 {[%emt 0:00:05]} 19. Bd3 {[%emt 0:00:20]} Bg7 {[%emt 0:04:21]} 20. c3 {[%emt 0:01:33]} h5 {[%emt 0:07:05]} 21. Raf1 {[%emt 0:05:01]} Rhf8 {[%emt 0:03:58]} 22. Rf2 {[%emt 0:02:33]} c5 {[%emt 0:04:17]} 23. Rhf1 {[%emt 0:00:45]} cxd4 {[%emt 0:03:05]} 24. exd4 {[%emt 0:03:52]} f5 {[%emt 0:01:51]} 25. Bc4 {[%emt 0:00:17]} Kc7 {[%emt 0:05:16]} 26. Kd3 {[%emt 0:02:35]} Kd6 {[%emt 0:04:21]} 27. Ke3 {[%emt 0:03:02]} h4 {[%emt 0:00:40]} 28. Be2 {[%emt 0:02:09]} Kc7 {[%emt 0:01:55]} 29. Bc4 {[%emt 0:01:22]} e5 {[%emt 0:01:38]} 30. d5 {[%emt 0:00:44]} f4+ {[%emt 0:01:25]} 31. Ke4 {[%emt 0:00:06]} a6 {[%emt 0:00:39]} 32. Be2 {[%emt 0:00:24]} Kd6 {[%emt 0:00:31]} 33. c4 {[%emt 0:00:07]} a5 {[%emt 0:00:26]} 34. Bg4 {[%emt 0:00:34]} Kc5 {[%emt 0:00:34]} 35. Rd2 {[%emt 0:00:37]} Rd6 {[%emt 0:00:32]} 36. Rfd1 {[%emt 0:00:51]} b5 {[%emt 0:00:28]} 37. cxb5 {[%emt 0:00:44]} Kxb5 {[%emt 0:00:01]} 38. Rc2 {[%emt 0:00:16]} Ra8 {[%emt 0:00:58]} 39. Rc7 {[%emt 0:00:18]} Bf6 {[%emt 0:00:26]} 40. Rdc1 {[%emt 0:00:00]} Rad8 {[%emt 0:00:35]} 41. Rb7+ {[%emt 0:01:52]} Ka6 {[%emt 0:00:28]} 42. Rcc7 {[%emt 0:01:37]} a4 {[%emt 0:02:12]} 43. Be2+ {[%emt 0:00:14]} Ka5 {[%emt 0:00:14]} 44. b4# 1-0

[Event "RUS-chT Premier League Women 2018"]
[Site "Sochi"]
[Date "2018.05.04"]
[Round "4"]
[White "Kashlinskaya, Alina"]
[Black "Lysenko, Margarita"]
[Result "1-0"]
[WhiteElo "2448"]
[BlackElo "2220"]
[Annotator "TA"]
[PlyCount "87"]
[EventDate "2018.??.??"]
[EventCountry "RUS"]
[SourceTitle "playchess.com"]
[Source "ChessBase"]
[SourceQuality "1"]

{[%evp 18,87,52,38,69,67,60,60,66,52,66,64,104,105,171,12,41,21,14,2,20,10,12,0,13,0,0,25,35,21,35,0,82,0,106,105,115,30,183,83,258,233,233,8,148,77,82,114,12842,12843,12843,1325,1296,1299,1154,1163,810,876,970,792,631,714,619,460,780,716,1909,6191,1405,1402,12847,12847]} 1. d4 Nf6 2. c4 d6 3. Nf3 Nbd7 4. Nc3 e5 5. e4 Be7 6. Be2 O-O 7. O-O c6 8. h3 exd4 {A55: Old Indian Defence with Nf3 and e4} 9. Nxd4 Nc5 10. Qc2 {LiveBook: 4 Games} a5 {White is slightly better.} 11. Be3 Re8 12. Rad1 Qc7 13. f4 Bf8 {[%cal Rf6e4]} 14. Bf3 {[#]} Bd7 $146 ({Predecessor:} 14... a4) 15. g4 {[%cal Bg2g4,Bg4g5][%mdl 32]} Kh8 (15... Bc8 $16) 16. Qg2 $2 (16. g5 $18 Ng8 17. f5) 16... Ncxe4 $1 $11 17. Bxe4 d5 $1 18. cxd5 cxd5 19. Bf5 {Strongly threatening Bxd7.} Rxe3 20. g5 $36 {[%mdl 2048] Black is under pressure.} Rxc3 21. bxc3 Bxf5 22. Nxf5 Ne4 23. Rxd5 Nxc3 24. Re5 f6 (24... g6 $1 $11 25. Nh6 f5) 25. Re6 (25. gxf6 $16 gxf6 26. Re6) 25... fxg5 (25... g6 $1 $11 {keeps the balance.} 26. Ng3 f5) 26. fxg5 $16 Qd7 27. Rfe1 (27. Re5 $16) 27... Rc8 $2 (27... Bb4 $11 {and Black is okay.}) 28. Kh1 (28. Ne7 $1 $18 {[%cal Re7c8] is more deadly.} Rd8 29. g6) 28... b5 $2 (28... Bb4 $16) 29. g6 Nd5 {aiming for ...Nf4.} 30. Qf3 $2 (30. Nd6 $1 $18 {[%cal Rd6f7] And now Nf7+ would win.} Nf4 31. Nf7+ Kg8 32. gxh7+ Kxh7 33. Ng5+ Kg8 34. Qe4 $1 {[%mdl 512]}) 30... hxg6 (30... Nf6 $1 $11) 31. Rxg6 (31. Nh4 $142 Bb4 32. Nxg6+ Kg8 {[#]} 33. R6e5 $1 {[%mdl 512]}) 31... Nf6 32. Reg1 Re8 $2 {[%mdl 8192]} (32... Rc2 $16 33. Nxg7 Qd2) 33. Nxg7 $18 {White is clearly winning.} Bxg7 34. Rxg7 (34. Rxf6 $142 Rd8 35. Rf7) 34... Qxg7 35. Rxg7 Kxg7 {[%mdl 4096] Endgame KQ-KRN} 36. Qb7+ Kg6 37. Qxb5 Re3 38. Kg2 Ra3 39. Qb2 Re3 40. Qc2+ Re4 (40... Ne4 $142 41. Qa4 Rg3+ 42. Kh2 Kf5 43. Qxa5+ Kf4 44. Qc7+ Kf3 45. Qf7+ Ke3) 41. Kf3 Kf5 42. a4 Ke5 43. Qc7+ Kd4 44. Qb6+ {Precision: White = 53%, Black = 38%.} 1-0

[Event "RUS-chT Premier League Women 2018"]
[Site "Sochi"]
[Date "2018.05.04"]
[Round "4"]
[White "Ushenina, Anna"]
[Black "Bodnaruk, Anastasia"]
[Result "1-0"]
[WhiteElo "2443"]
[BlackElo "2446"]
[Annotator "TA"]
[PlyCount "143"]
[EventDate "2018.??.??"]
[EventCountry "RUS"]
[SourceTitle "playchess.com"]
[Source "ChessBase"]
[SourceQuality "1"]

{[%evp 18,142,24,31,46,25,27,35,27,23,33,15,23,11,23,21,26,-17,0,0,0,-2,-7,-12,-12,-13,77,70,75,68,62,69,76,74,70,46,110,80,85,86,81,81,87,86,93,66,102,103,118,91,107,88,102,38,29,47,105,31,31,31,31,31,30,33,82,46,111,107,115,84,102,70,67,74,60,68,77,48,55,24,42,42,48,42,42,42,42,33,34,19,19,19,33,34,34,19,37,37,39,19,42,14,42,42,42,42,83,114,141,128,195,191,166,158,366,366,411,396,404,72,29988,29989,29996,29997,29998,29999,29999]} 1. d4 Nf6 2. Nf3 g6 3. g3 Bg7 4. Bg2 d5 5. c4 c6 6. O-O O-O 7. Qb3 dxc4 8. Qxc4 Be6 9. Qa4 Nbd7 {D78: Fianchetto Grünfeld: 6 0-0 c6} 10. Nc3 {LiveBook: 32 Games} Nd5 11. Rd1 Nxc3 $146 {White has an edge.} ({Predecessor:} 11... Qc8 12. Bg5 N7f6 13. Ne1 h6 14. Bxf6 Nxf6 15. Nd3 Rd8 16. Rac1 Bh3 17. Bh1 {1-0 (64) Banusz,T (2585)-Kulkarni,V (2037) Dubai 2015}) 12. bxc3 Bd5 13. Qc2 Nf6 14. Ba3 Qc7 15. Qd3 Be4 16. Qe3 Rfe8 17. Bf1 Qa5 18. c4 Bc2 19. Qd2 Qa4 20. Rdc1 Be4 21. Qc3 b5 (21... Rad8 $11) 22. Ne5 $16 bxc4 {aiming for ...Nd5.} 23. Bc5 Nd5 24. Qxc4 Qxc4 25. Nxc4 {And now f3 would win.} Nc7 26. f3 Bf5 (26... Bd5 $14) 27. e4 Bd7 28. Ne5 Bxe5 29. dxe5 Ne6 30. Be3 a5 31. f4 Rab8 32. f5 gxf5 33. exf5 Nc7 34. g4 Nd5 35. Bf2 (35. Bc5 $16) 35... Rb4 $14 36. h3 Reb8 (36... h5 $14) 37. e6 (37. Bc5 $16) 37... fxe6 38. fxe6 Bxe6 39. Rxc6 Nf4 40. Bg3 Bf7 41. Re1 Re8 {[#]} ({Better is} 41... Bd5 $14 42. Rc7 e6) 42. a3 $1 $16 {[%cal Ra3b4]} Rd4 43. Rc5 a4 44. Rce5 Nd3 45. Rg5+ Bg6 46. Re3 Nf4 47. Rge5 e6 48. Bb5 Re7 49. Bxf4 Rxf4 50. Kg2 Kf7 51. Kg3 Rd4 52. Rf3+ Kg7 53. h4 h6 54. Rf4 Rxf4 55. Kxf4 $11 {[%mdl 4096] Endgame KRB-KRB} Bc2 56. Rc5 Bb3 57. Ke5 Rf7 58. Rc3 Rb7 59. Bc6 Rf7 60. Rd3 Rf2 61. Rd7+ Kg8 62. Ra7 h5 63. Bxa4 Ba2 (63... Bd5 $16 {was necessary.}) 64. g5 $18 Rf5+ 65. Kd6 Rd5+ $2 (65... Rf4 $16 66. Be8 Rxh4) 66. Ke7 Rd4 67. Kf6 Bd5 68. Bd7 $2 (68. Re7 $18 {is more deadly. White threatens Re8+ and mate.} Rf4+ 69. Kg6) 68... Rxh4 $2 {[%mdl 8192]} (68... Rf4+ $16 69. Kg6 Rf7) 69. Bxe6+ {White mates.} Bxe6 {[#]} 70. Ra8+ $1 ({Weaker is} 70. Kxe6 Rf4 $16) 70... Kh7 71. g6+ Kh6 72. Rh8# {Precision: White = 51%, Black = 48%.} 1-0